Udo Kier Filmography - Statistics

General Stats
  • This quiz has been taken 29 times
    6 since last reset
  • The average score is 33 of 282
Answer Stats
Type Year Name % Correct
Film 2017 Downsizing
75%
Film 2011 Melancholia
75%
Film 1994 Ace Ventura: Pet Detective
50%
Film 1998 Blade
50%
Film 2005 BloodRayne
50%
Film 2017 Brawl in Cell Block 99
50%
Film 2003 Dogville
50%
Film 2018 Dragged Across Concrete
50%
Film 1991 Europa
50%
Film 2007 Halloween
50%
Film 2012 Iron Sky
50%
Film 2019 Iron Sky: The Coming Race
50%
Film 2005 Manderlay
50%
Film 2013 Nymphomaniac
50%
Film 1977 Suspiria
50%
Film TBA The Ark: An Iron Sky Story
50%
TV Mini-Series 1994, 1997, 2022 The Kingdom
50%
Film 2025 The Secret Agent
50%
Film 2001 All the Queen's Men
25%
TV Mini-Serie. 2015 Altes Geld
25%
Film 2018 American Animals
25%
Film 1998 Armageddon
25%
Film 1995 A Trick of Light
25%
Film 2019 Bacurau
25%
Film 2025 Bad Painter
25%
Film 1996 Barb Wire
25%
TV Mini-Series 1980 Berlin Alexanderplatz
25%
Film 1997 Betty
25%
Film 1974 Blood for Dracula
25%
Film 1996 Breaking the Waves
25%
Film 2002 Broken Cookies
25%
Film 2007 Children of Wax
25%
Film 2021 Chompy & the Girls
25%
Video Game 2000 Command & Conquer: Red Alert 2
25%
Film 2001 Critical Mass
25%
Film 2006 Crusade in Jeans
25%
TV Show TBA Dark Winds
25%
Film 2018 Don't Worry, He Won't Get Far on Foot
25%
Film 2000 Doomsdayer
25%
TV Film 2004 Dracula 3000
25%
Film 1986 Egomania - Insel ohne Hoffnung
25%
Film 1999 End of Days
25%
Film 1987 Epidemic
25%
Film 1993 Even Cowgirls Get the Blues
25%
Film 2004 Evil Eyes
25%
Film 1976 Exposé
25%
Film 1973 Flesh for Frankenstein
25%
Film 1993 For Love or Money
25%
Film 2003 Gate to Heaven
25%
Film 2007 Grindhouse
25%
Film 1999 History Is Made at Night
25%
Film 1979 Hungarian Rhapsody
25%
TV Film 1998 Ice
25%
Film 2001 Invincible
25%
Film 1995 Johnny Mnemonic
25%
TV Mini-Series 1973 Joseph Balsamo
25%
Film 1993 Josh and S.A.M.
25%
TV Film 1978 Katonák
25%
Film 2011 Keyhole
25%
TV Film 1979 Krétakör
25%
Film 1997 Lea
25%
Film 1981 Lili Marleen
25%
Film 1981 Lola
25%
Film 2003 Love Object
25%
Film 1980 Lulu
25%
Film 1970 Mark of the Devil
25%
TV Show 2005 Masters of Horror
25%
TV Film 1988 Medea
25%
Film 2001 Megiddo: The Omega Code
25%
Film 2009 Metropia
25%
TV Film 1998 Modern Vampires
25%
Film 1984 Moscow on the Hudson
25%
Film 2022 My Neighbor Adolf
25%
Film 1991 My Own Private Idaho
25%
Film 2009 My Son, My Son, What Have Ye Done?
25%
Film 1980 Narcissus and Psyche
25%
Film 1973 Pan
25%
Film 2004 Paranoia 1.0
25%
Film 2006 Pray for Morning
25%
Film 1997 Prince Valiant
25%
Film 1972 Provocation
25%
Film 2018 Puppet Master: The Littlest Reich
25%
Film 2000 Red Letters
25%
Short Film 1966 Road to Saint Tropez
25%
TV Show 2010-2013 Scooby-Doo! Mystery Incorporated
25%
TV Show 1993 seaQuest DSV
25%
Film 1985 Seduction: The Cruel Woman
25%
Film 2000 Shadow of the Vampire
25%
Film 1968 Shameless
25%
Film 2009 Soul Kitchen
25%
Film 1999 Spy Games
25%
Film 2021 Swan Song
25%
TV Show 1996, 2009 Tatort
25%
Film 2007 Tell
25%
Film 1992 Terror 2000 - Intensivstation Deutschland
25%
Film | Video Game 1996 The Adventures of Pinocchio
25%
Film 1999 The Debtors
25%
Film 1997 The End of Violence
25%
Film 2015 The Forbidden Room
25%
Film 1985 The Invincible
25%
Film 2012 The Lords of Salem
25%
Film 2007 The Mother of Tears
25%
Film 2018 The Mountain
25%
Film 1999 The New Adventures of Pinocchio
25%
Film 1996 The Slit
25%
TV Film 1977 The Stationmaster's Wife
25%
Film 1979 The Third Generation
25%
Film 2011 UFO in Her Eyes
25%
TV Show 1998 V.I.P.
25%
Film 1989 100 Years of Adolph Hitler
0%
Film 2012 10 PM Lincoln Boulevard
0%
Short Film 2003 10 Schritte
0%
TV Film 2006 13 Graves
0%
Film 2022 13 Tracks to Frighten Agatha Black
0%
Film 2008 1½ Knights: In Search of the Ravishing Princess Herzelinde
0%
TV Film 2004 30 Days Until I'm Famous
0%
TV Show 2005-2007 4 Against Z
0%
Film TBA A Distant Episode
0%
Film 2022 A E I O U - Das Schnelle Alphabet der Liebe
0%
Film 2019 American Exit
0%
TV Film 1986 Am Nächsten Morgen kehtre der Minister nicht an seinen Arbeitsplatz Zurück
0%
Film 1988 Another Way: D-Kikan-Joho
0%
Film 2001 Auf Herz und Nieren
0%
TV Show 2015 Axe Cop
0%
Film 2014 Beethoven's Treasure Tail
0%
Film 1999 Besat
0%
TV Show 2013-2014 Beware the Batman
0%
Film 1990 Blackest Heart
0%
Film 2001 Black Widow
0%
Film 1981 Blood of Dr. Jekyll
0%
TV Show 2011 Borgia
0%
Film 2016 Brother
0%
Film 2025 By Design
0%
Video Game 2017 Call of Duty: WWII
0%
TV Show 2010 Chuck
0%
Film 2000 Citizens of Perpetual Indulgence
0%
Film 2015 Coconut Hero
0%
Video Game 2001 Command & Conquer: Yuri's Revenge
0%
Film 1973 Conflict of Emotions
0%
Film 2016 Courier X
0%
TV Film 1993 Das Double
0%
Film 2010 Das Leben ist zu Lang
0%
Film 2018 Daughter of Mine
0%
Music Video 2001 Deep Down Below
0%
Music Video 1992 Deeper and Deeper
0%
TV Show 1986 Der Fahnder
0%
Short Film 1994 Der Unbekannte Deserteur
0%
TV Documentary 2024 Der wunderbare Udo Kier
0%
Film 2011 Die Blutgräfin
0%
TV Film 1998 Die Diebin
0%
Film 1985 Die Einsteiger
0%
TV Show 1997 Die Gang
0%
Short Film 1982 Die Geschwister
0%
TV Show 1993 Die Männer vom K3
0%
Short Film 1986 Die Schlacht der Idioten
0%
Music Video 1999 Die Schöne und das Biest
0%
Short Film 2010 Dimension 1991-2024
0%
Short Film 1995 Dog Daze
0%
TV Show 1994 Doppelter Einsatz
0%
Film 2001 Double Deception
0%
TV Show 1974 Dr. Med. Mark Wedmann
0%
TV Short 1995 Duke of Groove
0%
TV Film 1976 Erinnerungen an die Leidenschaft
0%
Music Video 1992 Erotica
0%
Short Film 1995 Extinct
0%
Film 2007 Fall Down Dead
0%
Film 2008 Far Cry
0%
Film 2002 FeardotCom
0%
TV Film 1999 Final Run
0%
Film 1996 Four Tales of Two Cities
0%
TV Show 2018 Funny or Die Presents...
0%
TV Show 1985 Gespenstergeschichten
0%
TV Show 1975 Gestern Gelesen
0%
TV Show 2015 Golan the Insatiable
0%
Film 1976 Goldflocken
0%
Short Film 2011 Graf Karpatovicz und das Blonde Gift
0%
Film 2019 | 2021 Haymaker
0%
Film 2005 Headspace
0%
Short Film 2013 Heather's Dream
0%
Short Film 1981 Heliogabal
0%
TV Film 2002 He Sees You When You're Sleeping
0%
Documentary 2017 Hitler's Hollywood
0%
Film 2006 Holly
0%
Film 2019 Holy Beasts
0%
Film 2009 House of Boys
0%
Web Series 2023 Hunters
0%
Film 1984 Hur und Heilig
0%
Film 1998 Immaculate Springs
0%
Music Video 2015 It's Love
0%
TV Film 1993 Jack Reed: Badge of Honor
0%
Film 2004 Jargo
0%
Film 2015 Johnny Walker
0%
TV Show 2002 Justice League
0%
Film 2000 Just One Night
0%
Film 2000 Kanzler - König der Kannibalen
0%
TV Film 1999 Killer Deal
0%
TV Show 1986 Kir Royal
0%
Film 1969 La Stagione dei Sensi
0%
Film 2020 Last Moment of Clarity
0%
Music Video 2001 Let Me Blow Ya Mind
0%
Film 1998 Life in the Fast Lane
0%
Commercial 1997-1998 Lion Corporation Navic Toothbrush
0%
Film 2009 Lulu and Jimi
0%
TV Show 2015 Major Lazer
0%
Music Video 2000 Make Me Bad
0%
Video Game 2022 Martha Is Dead
0%
TV Mini-Series 2019 M - Eine Stadt sucht einen Mörder
0%
Short Documentary 2012 ME-UDO ... Starring Udo Kier
0%
Commercial 2001 Miller Lite
0%
Film 2004 Modigliani
0%
Short Film 2003 Montewood Hollyverità
0%
Film 1988 Mother's Mask
0%
Short Film 2002 Mrs. Meitlemeihr
0%
Music Video 1996 Naked
0%
TV Show 1996 Nash Bridges
0%
Film 2012 Night of the Templar
0%
TV Film 1998 Nina - Vom Kinderzimmer ins Bordell
0%
Video Game TBA OD
0%
TV Film 1973 Olifant
0%
Film 2005 One More Round
0%
Film 1995 Over My Dead Body
0%
Film 1983 Pankow '95
0%
Film 1995 Paradise Framed
0%
Film 2007 Pars: Operation Cherry
0%
Film 2002 Pigs Will Fly
0%
Web Series 2022 Pitch Perfect: Bumper in Berlin
0%
TV Show 2006 Polizeiruf 110
0%
Music Video 2012 Prayer
0%
TV Show 1993 Red Shoe Diaries
0%
Film 2001 Revelation
0%
TV Show 1994 Rosa Roth
0%
Film 1994 Rotwang muß weg!
0%
Film 2004 Sawtooth
0%
Documentary 2024 Schindler Space Architect
0%
Film 1998 Schuldig
0%
Short Film 2016 Seances
0%
Film 1972 Sexual Eroticism
0%
Film 2024 Skeletons in the Closet
0%
Film 2019 Skin Walker
0%
TV Show 1973 Sonderdezernat K1
0%
Film 1976 Spermula
0%
Short Film 1982 Sportliche Schatten - Kunst in Krisenzeiten
0%
Film 1998 Stingers
0%
Film 1975 Story of O
0%
Film 2004 Surviving Christmas
0%
Film 2019 The Barefoot Emperor
0%
TV Show 2004 The Batman
0%
Film 2021 The Blazing World
0%
Film TBA The Dresden Codex
0%
Short Documentary 2021 The Ecstasy of Frankenstein
0%
Film 2014 The Editor
0%
Film 1978 The Fifth Commandment
0%
Film 2013 The Girl Behind the White Picket Fence
0%
Documentary Mini-Series 1996 The Great War: 1914-1918
0%
Film TBA Theirs
0%
Film 1983 The Island of the Bloody Plantation
0%
Short Film 1984 The Last Trip to Harrisburg
0%
Film 1975 The Last Word
0%
Film 2019 The Painted Bird
0%
Film 1983 The Roaring Fifties
0%
Film 1972 The Salzburg Connection
0%
TV Show 1996, 1999 The Sentinel
0%
Film 2011 The Sky Has Four Corners
0%
Film 2011 The Theatre Bizarre
0%
Film 1993 Three Shake-a-Leg Steps to Heaven
0%
TV Film 1992 Tod eines Weltstars
0%
TV Show 1996 Tracey Takes On...
0%
Short TV Documentary 1993 Udo Kier - From A to A
0%
Film 2018 Ulysses: A Dark Odyssey
0%
Film 1999 Under the Palms
0%
Short Film 2012 Unlocking Passages
0%
TV Film 1995 Unter Druck
0%
TV Film 1979 Victor
0%
TV Show 1998 Viper
0%
Short Film 2007 Werewolf Women of the S.S.
0%
Short Film 1981 When Love Is Wrong, I Don't Want to Be Right
0%
Film 2005 Wit's End
0%
TV Show 2005 Wjeilde Engel
0%
Music Video 1997 You Win, I Lose
0%
Short Film 2015 Zero
0%
No matching quizzes found
Score Distribution
Percent of People with Each Score
Percentile by Number Answered
Your Score History
You have not taken this quiz since the last reset